<?xml version="1.0" encoding="UTF-8"?>
<record
    xmlns:xsi="http://www.w3.org/2001/XMLSchema-instance"
    xsi:schemaLocation="http://www.loc.gov/MARC21/slim http://www.loc.gov/standards/marcxml/schema/MARC21slim.xsd"
    xmlns="http://www.loc.gov/MARC21/slim">

  <leader>00268nam a22001097a 4500</leader>
  <controlfield tag="005">20231108152038.0</controlfield>
  <controlfield tag="008">230531b        |||||||| |||| 00| 0 eng d</controlfield>
  <datafield tag="022" ind1=" " ind2=" ">
    <subfield code="a">9770972540001</subfield>
  </datafield>
  <datafield tag="245" ind1=" " ind2=" ">
    <subfield code="a"> THE IUP JOURNAL OF MANAGEMENT RESEARCH</subfield>
  </datafield>
  <datafield tag="650" ind1=" " ind2=" ">
    <subfield code="a">MANAGEMENT</subfield>
  </datafield>
  <datafield tag="942" ind1=" " ind2=" ">
    <subfield code="c">JRL</subfield>
  </datafield>
  <datafield tag="999" ind1=" " ind2=" ">
    <subfield code="c">8315</subfield>
    <subfield code="d">8313</subfield>
  </datafield>
  <datafield tag="952" ind1=" " ind2=" ">
    <subfield code="0">0</subfield>
    <subfield code="1">0</subfield>
    <subfield code="4">0</subfield>
    <subfield code="7">0</subfield>
    <subfield code="a">JRU</subfield>
    <subfield code="b">JRU</subfield>
    <subfield code="d">2023-05-31</subfield>
    <subfield code="e">PURCHASE</subfield>
    <subfield code="h">VOL-XVIII  ISSUE 2  APR- 2019</subfield>
    <subfield code="l">0</subfield>
    <subfield code="p">MR0001</subfield>
    <subfield code="r">2023-05-31 00:00:00</subfield>
    <subfield code="w">2023-05-31</subfield>
    <subfield code="y">JRL</subfield>
  </datafield>
  <datafield tag="952" ind1=" " ind2=" ">
    <subfield code="0">0</subfield>
    <subfield code="1">0</subfield>
    <subfield code="4">0</subfield>
    <subfield code="7">0</subfield>
    <subfield code="a">JRU</subfield>
    <subfield code="b">JRU</subfield>
    <subfield code="d">2023-05-31</subfield>
    <subfield code="e">PURCHASE</subfield>
    <subfield code="h">VOL-XVIII  ISSUE 3  JUL- 2019</subfield>
    <subfield code="l">0</subfield>
    <subfield code="p">MR0002</subfield>
    <subfield code="r">2023-05-31 00:00:00</subfield>
    <subfield code="w">2023-05-31</subfield>
    <subfield code="y">JRL</subfield>
  </datafield>
  <datafield tag="952" ind1=" " ind2=" ">
    <subfield code="0">0</subfield>
    <subfield code="1">0</subfield>
    <subfield code="4">0</subfield>
    <subfield code="7">0</subfield>
    <subfield code="a">JRU</subfield>
    <subfield code="b">JRU</subfield>
    <subfield code="d">2023-05-31</subfield>
    <subfield code="e">PURCHASE</subfield>
    <subfield code="h">VOL-XVIII  ISSUE 4  OCT- 2019</subfield>
    <subfield code="l">0</subfield>
    <subfield code="p">MR0003</subfield>
    <subfield code="r">2023-05-31 00:00:00</subfield>
    <subfield code="w">2023-05-31</subfield>
    <subfield code="y">JRL</subfield>
  </datafield>
  <datafield tag="952" ind1=" " ind2=" ">
    <subfield code="0">0</subfield>
    <subfield code="1">0</subfield>
    <subfield code="4">0</subfield>
    <subfield code="7">0</subfield>
    <subfield code="a">JRU</subfield>
    <subfield code="b">JRU</subfield>
    <subfield code="d">2023-05-31</subfield>
    <subfield code="e">PURCHASE</subfield>
    <subfield code="h">VOL-XIX  ISSUE NO. 1  JAN- 2020</subfield>
    <subfield code="l">0</subfield>
    <subfield code="p">MR0004</subfield>
    <subfield code="r">2023-05-31 00:00:00</subfield>
    <subfield code="w">2023-05-31</subfield>
    <subfield code="y">JRL</subfield>
  </datafield>
  <datafield tag="952" ind1=" " ind2=" ">
    <subfield code="0">0</subfield>
    <subfield code="1">0</subfield>
    <subfield code="4">0</subfield>
    <subfield code="7">0</subfield>
    <subfield code="a">JRU</subfield>
    <subfield code="b">JRU</subfield>
    <subfield code="d">2023-05-31</subfield>
    <subfield code="e">PURCHASE</subfield>
    <subfield code="h">VOL-20  ISSUE NO. 4  OCT- 2021</subfield>
    <subfield code="l">0</subfield>
    <subfield code="p">MR0005</subfield>
    <subfield code="r">2023-05-31 00:00:00</subfield>
    <subfield code="w">2023-05-31</subfield>
    <subfield code="y">JRL</subfield>
  </datafield>
  <datafield tag="952" ind1=" " ind2=" ">
    <subfield code="0">0</subfield>
    <subfield code="1">0</subfield>
    <subfield code="4">0</subfield>
    <subfield code="7">0</subfield>
    <subfield code="a">JRU</subfield>
    <subfield code="b">JRU</subfield>
    <subfield code="d">2023-05-31</subfield>
    <subfield code="e">PURCHASE</subfield>
    <subfield code="h">VOL-22  ISSUE NO. 1  JAN- 2023</subfield>
    <subfield code="l">0</subfield>
    <subfield code="p">MR0006</subfield>
    <subfield code="r">2023-05-31 00:00:00</subfield>
    <subfield code="w">2023-05-31</subfield>
    <subfield code="y">JRL</subfield>
  </datafield>
  <datafield tag="952" ind1=" " ind2=" ">
    <subfield code="0">0</subfield>
    <subfield code="1">0</subfield>
    <subfield code="4">0</subfield>
    <subfield code="7">0</subfield>
    <subfield code="a">JRU</subfield>
    <subfield code="b">JRU</subfield>
    <subfield code="c">JRL</subfield>
    <subfield code="d">2023-11-08</subfield>
    <subfield code="e">PURCHASE</subfield>
    <subfield code="h">VOL-22, NO-3, [JULY-2023] </subfield>
    <subfield code="l">0</subfield>
    <subfield code="p">MR0007</subfield>
    <subfield code="r">2023-11-08 15:19:58</subfield>
    <subfield code="w">2023-11-08</subfield>
    <subfield code="y">JRL</subfield>
  </datafield>
  <datafield tag="952" ind1=" " ind2=" ">
    <subfield code="0">0</subfield>
    <subfield code="1">0</subfield>
    <subfield code="4">0</subfield>
    <subfield code="7">0</subfield>
    <subfield code="a">JRU</subfield>
    <subfield code="b">JRU</subfield>
    <subfield code="c">JRL</subfield>
    <subfield code="d">2024-01-17</subfield>
    <subfield code="e">PURCHASE</subfield>
    <subfield code="h">VOI-22, ISSUE-4 [OCT-2023]</subfield>
    <subfield code="l">1</subfield>
    <subfield code="p">MR0008</subfield>
    <subfield code="r">2025-02-26 10:37:01</subfield>
    <subfield code="s">2024-07-29</subfield>
    <subfield code="w">2024-01-17</subfield>
    <subfield code="y">JRL</subfield>
  </datafield>
  <datafield tag="952" ind1=" " ind2=" ">
    <subfield code="0">0</subfield>
    <subfield code="1">0</subfield>
    <subfield code="4">0</subfield>
    <subfield code="7">0</subfield>
    <subfield code="8">IUP JOURNALS</subfield>
    <subfield code="a">JRU</subfield>
    <subfield code="b">JRU</subfield>
    <subfield code="c">JRL</subfield>
    <subfield code="d">2025-05-05</subfield>
    <subfield code="e">SUBSCRIPTION</subfield>
    <subfield code="h">VOL-24, NO-01[JAN-2025]</subfield>
    <subfield code="l">0</subfield>
    <subfield code="p">MR0009</subfield>
    <subfield code="r">2025-05-05 11:20:46</subfield>
    <subfield code="w">2025-05-05</subfield>
    <subfield code="y">JRL</subfield>
  </datafield>
  <datafield tag="952" ind1=" " ind2=" ">
    <subfield code="0">0</subfield>
    <subfield code="1">0</subfield>
    <subfield code="4">0</subfield>
    <subfield code="7">0</subfield>
    <subfield code="8">IUP JOURNALS</subfield>
    <subfield code="a">JRU</subfield>
    <subfield code="b">JRU</subfield>
    <subfield code="c">JRL</subfield>
    <subfield code="d">2025-08-28</subfield>
    <subfield code="e">SUBSCRIPTION</subfield>
    <subfield code="h">VOL-24, NO-02[APRIL-2025]</subfield>
    <subfield code="l">0</subfield>
    <subfield code="p">MR0010</subfield>
    <subfield code="r">2025-08-28 14:43:20</subfield>
    <subfield code="w">2025-08-28</subfield>
    <subfield code="y">JRL</subfield>
  </datafield>
  <datafield tag="952" ind1=" " ind2=" ">
    <subfield code="0">0</subfield>
    <subfield code="1">0</subfield>
    <subfield code="4">0</subfield>
    <subfield code="7">0</subfield>
    <subfield code="a">JRU</subfield>
    <subfield code="b">JRU</subfield>
    <subfield code="c">JRL</subfield>
    <subfield code="d">2025-11-18</subfield>
    <subfield code="e">PURCHASE</subfield>
    <subfield code="h">VOL-24, NO-03 [JULY-SEP-2025]</subfield>
    <subfield code="l">0</subfield>
    <subfield code="p">MAR0011</subfield>
    <subfield code="r">2025-11-18 12:50:17</subfield>
    <subfield code="w">2025-11-18</subfield>
    <subfield code="y">JRL</subfield>
  </datafield>
  <datafield tag="952" ind1=" " ind2=" ">
    <subfield code="0">0</subfield>
    <subfield code="1">0</subfield>
    <subfield code="4">0</subfield>
    <subfield code="7">0</subfield>
    <subfield code="a">JRU</subfield>
    <subfield code="b">JRU</subfield>
    <subfield code="c">JRL</subfield>
    <subfield code="d">2025-12-16</subfield>
    <subfield code="e">PURCHASE</subfield>
    <subfield code="h">VOL-24, NO-04 [OCT-DEC-2025]</subfield>
    <subfield code="l">0</subfield>
    <subfield code="p">MAR0012</subfield>
    <subfield code="r">2025-12-16 10:00:47</subfield>
    <subfield code="w">2025-12-16</subfield>
    <subfield code="y">JRL</subfield>
  </datafield>
  <datafield tag="952" ind1=" " ind2=" ">
    <subfield code="0">0</subfield>
    <subfield code="1">0</subfield>
    <subfield code="4">0</subfield>
    <subfield code="7">0</subfield>
    <subfield code="a">JRU</subfield>
    <subfield code="b">JRU</subfield>
    <subfield code="c">JRL</subfield>
    <subfield code="d">2026-03-17</subfield>
    <subfield code="e">PURCHASE</subfield>
    <subfield code="h">VOI-25, ISSUE-1 [JAN-MAR-2026]</subfield>
    <subfield code="l">0</subfield>
    <subfield code="p">MAR0013</subfield>
    <subfield code="r">2026-03-17 06:21:16</subfield>
    <subfield code="w">2026-03-17</subfield>
    <subfield code="y">JRL</subfield>
  </datafield>
</record>
